| 000 | 00412cam a2200181 4500 | ||
|---|---|---|---|
| 001 | D3518 | ||
| 008 | 090401t1979 xxu||||| |||| 00| 0 eng d | ||
| 035 | _a(Sirsi) u73576 | ||
| 041 | _aeng | ||
| 050 | _a333.33 | ||
| 110 |
_aThe Estates Times _9306 |
||
| 245 | _aAnnual review 1979 | ||
| 260 |
_aLondon _bEstates Times _c1979 |
||
| 300 | _a74p. ill. 28cm | ||
| 350 | _a0 | ||
| 942 | _n0 | ||
| 948 | _c04/03/1997 | ||
| 999 |
_c95635 _d95635 |
||